000 01233cam a22003134a 4500
005 20230830120318.0
008 050411s2005 njua 001 0 eng
010 _a 2005925609
020 _a0764598023
040 _aDLC
_cDLC
_dDLC
042 _apcc
082 0 0 _a775
_222
_bKIN-D
100 1 _aKing, Julie Adair.
245 1 0 _aDigital photography for dummies /
_cby Julie Adair King.
250 _a5th ed.
260 _aHoboken, NJ :
_bWiley Pub.,
_cc2005.
300 _axviii, 380 p. :
_bill. (some col.) ;
_c24 cm.
500 _aIncludes index.
650 0 _aPhotography
_xDigital techniques.
650 0 _aImage processing
_xDigital techniques.
650 0 _aDigital cameras.
856 4 2 _3Publisher description
_uhttp://www.loc.gov/catdir/enhancements/fy0645/2005925609-d.html
856 4 2 _3Contributor biographical information
_uhttp://www.loc.gov/catdir/enhancements/fy0645/2005925609-b.html
856 4 1 _3Table of contents only
_uhttp://www.loc.gov/catdir/enhancements/fy0645/2005925609-t.html
906 _a7
_bcbc
_corigcop
_d2
_eepcn
_f20
_gy-gencatlg
999 _c33327
_d33327